[Event "Avoine op 37th"]
[Site "Avoine"]
[Date "2023.07.26"]
[Round "5"]
[White "Bouvet, Florian"]
[Black "Vlachos, Anatole"]
[Result "1/2-1/2"]
[WhiteElo "2223"]
[BlackElo "2454"]
[PlyCount "65"]
[EventDate "2023.07.22"]
[EventType "swiss"]
[EventRounds "9"]
[EventCountry "FRA"]
[SourceTitle "CBM 215 Extra"]
[Source "ChessBase"]
[SourceDate "2023.09.30"]
[SourceVersion "1"]
[SourceVersionDate "2023.09.30"]
[SourceQuality "1"]

1. e4 e5 2. Nf3 Nc6 3. Bb5 a6 4. Ba4 Nf6 5. 0-0 Be7 6. d3 b5 7. Bb3 d6 8. a3 0-0 9. Nc3 Na5 10. Ba2 Be6 11. Bg5 Bxa2 12. Rxa2 c6 13. Ne2 h6 14. Bxf6 Bxf6 15. b4 Nb7 16. c4 Qb6 17. Qb3 Rfb8 18. Nc3 bxc4 19. dxc4 Na5 20. Qc2 Nxc4 21. Qe2 d5 22. exd5 Nd6 23. Rd1 e4 24. Nxe4 Nxe4 25. Qxe4 Re8 26. Qb1 cxd5 27. Rxd5 Rad8 28. Rxd8 Rxd8 29. Rd2 Rc8 30. Rc2 Rd8 31. Rd2 Rc8 32. Rc2 Rd8 33. Rd2 1/2-1/2

[Event "Angers op 16th"]
[Site "Angers"]
[Date "2023.05.20"]
[Round "4"]
[White "Lougnon, Florian"]
[Black "Bouvet, Florian"]
[Result "1/2-1/2"]
[WhiteElo "1890"]
[BlackElo "2238"]
[PlyCount "164"]
[EventDate "2023.05.19"]
[EventType "swiss"]
[EventRounds "6"]
[EventCountry "FRA"]
[SourceTitle "CBM 214 Extra"]
[Source "ChessBase"]
[SourceDate "2023.07.31"]
[SourceVersion "1"]
[SourceVersionDate "2023.07.31"]
[SourceQuality "1"]

1. d4 Nf6 2. Nf3 e6 3. e3 b6 4. Bd3 Bb7 5. 0-0 Be7 6. Nbd2 c5 7. b3 0-0 8. Bb2 Nc6 9. c4 cxd4 10. exd4 d5 11. Rc1 Rc8 12. Bb1 dxc4 13. bxc4 Qd6 14. Qc2 Rfd8 15. Ne4 Nxe4 16. Qxe4 g6 17. d5 exd5 18. cxd5 Qxd5 19. Qe3 Bc5 20. Rxc5 bxc5 21. Be4 Qd7 22. Qxc5 Nd4 23. Qe5 Re8 24. Qxd4 Qxd4 25. Bxd4 Rxe4 26. Bxa7 Ra4 27. Be3 Bxf3 28. gxf3 Rxa2 29. Rb1 Rac2 30. Kg2 Kg7 31. h4 Rd8 32. h5 gxh5 33. Rb5 Rc6 34. Rxh5 Rg6+ 35. Kf1 f6 36. Rb5 Rd7 37. Ke2 Rg1 38. f4 Kg6 39. f5+ Kg7 40. Rb4 Rd5 41. Rb7+ Kh8 42. Kf3 Rxf5+ 43. Ke4 Re5+ 44. Kf4 Rg6 45. Bd4 Rd5 46. Bb2 Kg8 47. Rb8+ Kg7 48. Rb7+ Kh6 49. Bc1 Rgg5 50. Kf3 Rdf5+ 51. Ke2 Kg6 52. Bxg5 Rxg5 53. f4 Ra5 54. Kf3 Ra3+ 55. Kg4 h5+ 56. Kh4 Rf3 57. Rb4 Rf1 58. Kg3 Rg1+ 59. Kf2 Ra1 60. Rb3 Kf5 61. Kf3 Ra5 62. Kg3 Rd5 63. Ra3 Ke4 64. Ra4+ Rd4 65. Ra6 Rd3+ 66. Kh4 Kf5 67. Ra5+ Kxf4 68. Kxh5 f5 69. Kh4 Ke4 70. Ra4+ Rd4 71. Ra3 Kf4 72. Kh3 Re4 73. Kg2 Re2+ 74. Kf1 Re3 75. Ra5 Rb3 76. Kf2 Rb2+ 77. Kf1 Kg4 78. Ra3 f4 79. Rc3 Kh4 80. Ra3 Kg4 81. Rc3 f3 82. Rc8 Kg3 1/2-1/2

[Event "Angers op 16th"]
[Site "Angers"]
[Date "2023.05.19"]
[Round "2"]
[White "Boyer, Mahel"]
[Black "Bouvet, Florian"]
[Result "1-0"]
[WhiteElo "2489"]
[BlackElo "2238"]
[PlyCount "84"]
[EventDate "2023.05.19"]
[EventType "swiss"]
[EventRounds "6"]
[EventCountry "FRA"]
[SourceTitle "CBM 214 Extra"]
[Source "ChessBase"]
[SourceDate "2023.07.31"]
[SourceVersion "1"]
[SourceVersionDate "2023.07.31"]
[SourceQuality "1"]

1. Nf3 d5 2. e3 Nf6 3. c4 c6 4. Nc3 e6 5. b3 Nbd7 6. Qc2 Bd6 7. Bb2 Qe7 8. Be2 a5 9. Rg1 h5 10. h3 h4 11. 0-0-0 Nb6 12. d4 Ba3 13. Bxa3 Qxa3+ 14. Qb2 Qe7 15. Ne5 a4 16. c5 a3 17. Qc2 Nbd7 18. f4 Nxe5 19. fxe5 Nd7 20. g3 Qg5 21. Qd2 hxg3 22. Bg4 b6 23. cxb6 Nxb6 24. Rxg3 Ba6 25. Rdg1 Qe7 26. Be2 Bxe2 27. Nxe2 g6 28. Kb1 c5 29. dxc5 Qxc5 30. Rc1 Qe7 31. Qd4 Rb8 32. Nf4 g5 33. Rcg1 Kd7 34. Rxg5 Rhc8 35. Nd3 Kc6 36. Rg7 Kb7 37. Rf1 Rf8 38. Nc5+ Ka8 39. Qb4 Qa7 40. Qb5 Rbc8 41. Nxe6 Nc4 42. Qxd5+ Kb8 1-0

[Event "Angers op 15th"]
[Site "Angers"]
[Date "2022.05.28"]
[Round "4"]
[White "Bouvet, Florian"]
[Black "Lucas, Arthur"]
[Result "0-1"]
[WhiteElo "2216"]
[BlackElo "2327"]
[PlyCount "66"]
[EventDate "2022.05.27"]
[EventType "swiss"]
[EventRounds "6"]
[EventCountry "FRA"]
[SourceTitle "CBM 208 Extra"]
[Source "ChessBase"]
[SourceDate "2022.07.31"]
[SourceVersion "1"]
[SourceVersionDate "2022.07.31"]
[SourceQuality "1"]

1. e4 c5 2. Nf3 Nc6 3. d4 cxd4 4. Nxd4 e5 5. Nb5 d6 6. a4 Nf6 7. N1c3 a6 8. Na3 Bg4 9. Be2 Bxe2 10. Qxe2 d5 11. exd5 Nxd5 12. Nxd5 Qxd5 13. 0-0 Be7 14. c3 0-0 15. Rd1 Qe6 16. Qc4 Rad8 17. Re1 Qg6 18. Be3 Kh8 19. Qb3 f5 20. Bb6 Rde8 21. Bc7 e4 22. Qxb7 Rf6 23. Nc4 Bf8 24. Bf4 Qg4 25. Qc7 Re7 26. h3 Qh4 27. Bg3 Qh6 28. Qc8 f4 29. Bh2 Qg6 30. Rad1 Re8 31. Qc7 e3 32. fxe3 f3 33. Bg3 Re7 0-1

[Event "Avoine op 35th"]
[Site "Avoine"]
[Date "2021.07.18"]
[Round "4.4"]
[White "Dutreuil, Raphael"]
[Black "Bouvet, Florian"]
[Result "1/2-1/2"]
[WhiteElo "2309"]
[BlackElo "2200"]
[PlyCount "69"]
[EventDate "2021.07.18"]
[EventType "swiss"]
[EventRounds "9"]
[EventCountry "FRA"]
[SourceTitle "EXT 2023"]
[Source "ChessBase"]
[SourceDate "2022.10.05"]
[SourceVersion "1"]
[SourceVersionDate "2022.10.05"]
[SourceQuality "1"]

1. d4 d5 2. Nf3 Nf6 3. g3 c6 4. Bg2 Bf5 5. 0-0 h6 6. b3 e6 7. Bb2 Be7 8. Nbd2 Nbd7 9. c4 0-0 10. Ne5 a5 11. a3 Qb6 12. Rc1 Rfd8 13. Nd3 Qa6 14. f3 c5 15. e4 Bh7 16. Nf2 cxd4 17. cxd5 exd5 18. e5 Nxe5 19. Re1 Bd6 20. Bxd4 Nd3 21. Bf1 Nxf2 22. Kxf2 Bd3 23. a4 Rac8 24. Bxf6 gxf6 25. Bxd3 Qxd3 26. Nf1 Bc5+ 27. Kg2 Qxd1 28. Rexd1 f5 29. Rd3 Rc6 30. Rcd1 Rcd6 31. f4 Kg7 32. Nd2 b6 33. Nf3 d4 34. Ne5 Re6 35. R1d2 1/2-1/2

[Event "Avoine op 34th"]
[Site "Avoine"]
[Date "2019.07.20"]
[Round "7"]
[White "Bouvet, Florian"]
[Black "Sandu, Mihaela"]
[Result "1/2-1/2"]
[WhiteElo "2200"]
[BlackElo "2286"]
[PlyCount "87"]
[EventDate "2019.07.20"]
[EventType "swiss"]
[EventRounds "9"]
[EventCountry "FRA"]
[SourceTitle "EXT 2020"]
[Source "ChessBase"]
[SourceDate "2019.10.17"]
[SourceVersion "1"]
[SourceVersionDate "2019.10.17"]
[SourceQuality "1"]

1. e4 c5 2. Nf3 e6 3. d4 cxd4 4. Nxd4 a6 5. c4 Nf6 6. Nc3 Qc7 7. a3 b6 8. Be2 Bb7 9. f3 d6 10. Be3 Nbd7 11. 0-0 Be7 12. Qd2 0-0 13. Rfc1 Rfc8 14. a4 Rab8 15. Kh1 Qd8 16. Rab1 Ne5 17. b3 h5 18. h3 h4 19. f4 Ng6 20. Bf3 Bf8 21. Nde2 Ba8 22. Rd1 Qe8 23. Bf2 Qe7 24. Qe3 Qc7 25. Kg1 Be7 26. Rbc1 Nd7 27. f5 Nge5 28. fxe6 fxe6 29. Nd4 Nf8 30. Bh5 Bf6 31. Nf3 Nfg6 32. Ne2 Qe7 33. Ned4 Rf8 34. Rf1 Nxf3+ 35. Nxf3 Ne5 36. Rcd1 Nxf3+ 37. Bxf3 Be5 38. Qd2 Bc6 39. Bd4 Bg3 40. Bf2 Bf4 41. Be3 Bg3 42. Bf2 Be5 43. Bd4 Bg3 44. Bf2 1/2-1/2

[Event "Agneaux St Lo op 20th"]
[Site "Agneaux"]
[Date "2019.07.07"]
[Round "2.5"]
[White "Bouvet, Florian"]
[Black "Willems, Niels"]
[Result "1/2-1/2"]
[WhiteElo "2200"]
[BlackElo "2394"]
[PlyCount "78"]
[EventDate "2019.07.06"]
[EventType "swiss"]
[EventRounds "9"]
[EventCountry "FRA"]
[SourceTitle "EXT 2020"]
[Source "ChessBase"]
[SourceDate "2019.10.17"]
[SourceVersion "1"]
[SourceVersionDate "2019.10.17"]
[SourceQuality "1"]

1. e4 c6 2. d4 d5 3. Nc3 dxe4 4. Nxe4 Bf5 5. Ng3 Bg6 6. Nh3 e6 7. Nf4 Bd6 8. h4 Qc7 9. Nxg6 hxg6 10. Ne4 Bf4 11. Bxf4 Qxf4 12. Ng5 Nf6 13. g3 Qd6 14. c3 Qd5 15. Qf3 Nbd7 16. Bg2 Qxf3 17. Nxf3 0-0 18. 0-0 Rfe8 19. Rfe1 Rad8 20. Rad1 Nb6 21. b3 a5 22. a4 Nbd5 23. Rd3 c5 24. dxc5 Nd7 25. b4 axb4 26. cxb4 Nxb4 27. Rb3 Na6 28. Rxb7 Naxc5 29. Ra7 Ra8 30. Rc7 Rxa4 31. Rd1 Rea8 32. Rcxd7 Nxd7 33. Rxd7 R4a7 34. Rxa7 Rxa7 35. Ne5 Ra1+ 36. Kh2 Kf8 37. f4 Ra2 38. Kh3 Ra3 39. Kg4 Rc3 1/2-1/2

[Event "Angers op 14th"]
[Site "Angers"]
[Date "2019.05.31"]
[Round "2"]
[White "Demuth, Adrien"]
[Black "Bouvet, Florian"]
[Result "1-0"]
[WhiteElo "2517"]
[BlackElo "2206"]
[PlyCount "141"]
[EventDate "2019.05.31"]
[EventType "swiss"]
[EventRounds "6"]
[EventCountry "FRA"]
[SourceTitle "CBM 190 Extra"]
[Source "ChessBase"]
[SourceDate "2019.07.15"]
[SourceVersion "1"]
[SourceVersionDate "2019.07.15"]
[SourceQuality "1"]

1. Nf3 d5 2. g3 g6 3. Bg2 Bg7 4. 0-0 e5 5. d3 Nc6 6. Nbd2 Nf6 7. e4 0-0 8. c3 dxe4 9. dxe4 Qd3 10. Re1 Bg4 11. h3 Be6 12. Bf1 Qd8 13. b4 a6 14. a4 Re8 15. Ng5 Bc8 16. Bc4 Re7 17. Nb3 Qe8 18. Kh2 h6 19. Nf3 b6 20. Qc2 Be6 21. Bf1 Bc8 22. Be3 Nb8 23. b5 Bb7 24. Nfd2 axb5 25. axb5 c5 26. f3 Nbd7 27. Nc4 Qb8 28. Rxa8 Bxa8 29. Ra1 Ne8 30. Qd2 h5 31. h4 Bb7 32. Bh3 Qc7 33. Rd1 f5 34. Nd6 Nef6 35. Bg5 fxe4 36. Nxb7 Qxb7 37. Qd6 Kf7 38. Qc6 Qxc6 39. bxc6 Nb8 40. Bxf6 Bxf6 41. Bd7 Nxd7 42. cxd7 Re6 43. d8Q Bxd8 44. Rxd8 exf3 45. Rd3 e4 46. Re3 Kf6 47. Nd2 Kf5 48. Kg1 Rd6 49. Nf1 Rd1 50. Kf2 b5 51. Rxf3+ Ke5 52. Rf8 Rd3 53. Re8+ Kf6 54. Rb8 Rxc3 55. Rxb5 Ke5 56. Ne3 Kd4 57. Rb8 Rd3 58. Rd8+ Kc3 59. Rc8 Kd4 60. Nc2+ Kc4 61. Ne1 Ra3 62. Rc6 Ra2+ 63. Ke3 Ra3+ 64. Kf4 Ra1 65. Nc2 Ra4 66. Ne3+ Kd4 67. Rd6+ Kc3 68. Rxg6 Kd2 69. Rc6 Ra8 70. Rxc5 Rf8+ 71. Rf5 1-0

[Event "Rochefort op 18th Op A"]
[Site "Rochefort"]
[Date "2019.02.17"]
[Round "2.4"]
[White "Bouvet, Florian"]
[Black "Delorme, Axel"]
[Result "0-1"]
[WhiteElo "2194"]
[BlackElo "2498"]
[PlyCount "42"]
[EventDate "2019.02.16"]
[EventType "swiss"]
[EventRounds "9"]
[EventCountry "FRA"]
[SourceTitle "CBM 189 Extra"]
[Source "ChessBase"]
[SourceDate "2019.06.03"]
[SourceVersion "1"]
[SourceVersionDate "2019.06.03"]
[SourceQuality "1"]

1. e4 e5 2. Nf3 Nc6 3. Nc3 Nf6 4. Bb5 Bd6 5. a3 0-0 6. d3 a6 7. Bc4 Bc5 8. 0-0 h6 9. h3 Re8 10. Re1 d6 11. Be3 Bxe3 12. fxe3 Be6 13. Bxe6 Rxe6 14. Qd2 d5 15. exd5 Nxd5 16. Nxd5 Qxd5 17. e4 Qc5+ 18. Qf2 Qe7 19. Qe3 Rd8 20. Rad1 Nd4 21. c3 Nc2 0-1

[Event "FRA-ch U20"]
[Site "Belfort"]
[Date "2017.04.19"]
[Round "5"]
[White "Bouvet, Florian"]
[Black "Jrade, Willis"]
[Result "1/2-1/2"]
[WhiteElo "2183"]
[BlackElo "2113"]
[PlyCount "129"]
[EventDate "2017.04.16"]
[EventType "swiss"]
[EventRounds "9"]
[EventCountry "FRA"]
[SourceTitle "CBM 177 Extra"]
[Source "ChessBase"]
[SourceDate "2017.04.27"]
[SourceVersion "1"]
[SourceVersionDate "2017.04.27"]
[SourceQuality "1"]

1. e4 c5 2. Nf3 a6 3. g3 d6 4. Bg2 Nc6 5. d4 Bg4 6. d5 Ne5 7. Nbd2 Nf6 8. h3 Nxf3+ 9. Nxf3 Bxf3 10. Qxf3 g6 11. 0-0 Bg7 12. a4 0-0 13. a5 b5 14. axb6 Qxb6 15. Ra2 a5 16. Qe2 Ra7 17. f4 Nd7 18. Kh2 a4 19. Rf3 Rfa8 20. Bf1 Qc7 21. Rfa3 e6 22. dxe6 fxe6 23. Qg4 Nf8 24. Bc4 Qe7 25. b3 h5 26. Qf3 axb3 27. Qxb3 Rxa3 28. Rxa3 Rxa3 29. Bxa3 Kh7 30. Qf3 Qf6 31. e5 dxe5 32. Bxc5 exf4 33. Qxf4 Qc3 34. Qe4 Nd7 35. Be3 Nf6 36. Qd3 Qe5 37. Bf4 Qc5 38. Be3 Qe5 39. Qe2 Qd6 40. Bd3 e5 41. c4 h4 42. Bf2 hxg3+ 43. Bxg3 Qd4 44. Bc2 e4 45. c5 Qxc5 46. Bxe4 Nh5 47. Bd3 Qg5 48. Qg4 Qd2+ 49. Qe2 Qg5 50. Qg4 Qd2+ 51. Qe2 Qg5 52. Qg4 Qh6 53. Bd6 Qd2+ 54. Qe2 Qg5 55. Bc7 Nf4 56. Bxf4 Qxf4+ 57. Kg2 Kh6 58. Qe4 Qg5+ 59. Qg4 Qd2+ 60. Qe2 Qf4 61. Qe4 Qxe4+ 62. Bxe4 g5 63. Bf5 Kh5 64. Be6 Kh4 65. Bf5 1/2-1/2

[Event "FRA-ch U20"]
[Site "Belfort"]
[Date "2017.04.18"]
[Round "4"]
[White "Lamard, Guillaume"]
[Black "Bouvet, Florian"]
[Result "1-0"]
[WhiteElo "2307"]
[BlackElo "2183"]
[PlyCount "63"]
[EventDate "2017.04.16"]
[EventType "swiss"]
[EventRounds "9"]
[EventCountry "FRA"]
[SourceTitle "CBM 177 Extra"]
[Source "ChessBase"]
[SourceDate "2017.04.27"]
[SourceVersion "1"]
[SourceVersionDate "2017.04.27"]
[SourceQuality "1"]

1. c4 e5 2. g3 g6 3. Nc3 Bg7 4. Bg2 d6 5. Nf3 Ne7 6. 0-0 0-0 7. d4 exd4 8. Nxd4 Nbc6 9. Nxc6 Nxc6 10. Bd2 Re8 11. Re1 a5 12. Rc1 Be6 13. b3 Qc8 14. Nd5 Nb4 15. a3 Bxd5 16. cxd5 Na6 17. Bxa5 Nc5 18. Bb4 Bb2 19. Rc2 Bxa3 20. Bc3 Ne4 21. Bxe4 Rxe4 22. Qd3 Qe8 23. Ra1 Ra6 24. Bf6 Bc5 25. Rxa6 bxa6 26. Qxa6 Rb4 27. Qd3 Qb8 28. Ra2 h5 29. Ba1 h4 30. e3 h3 31. Qf1 Qc8 32. Qxh3 1-0

[Event "Avoine op 30th"]
[Site "Avoine"]
[Date "2015.07.20"]
[Round "3"]
[White "Bouvet, Florian"]
[Black "Viennot, Dylan"]
[Result "0-1"]
[WhiteElo "2040"]
[BlackElo "2351"]
[PlyCount "58"]
[EventDate "2015.07.18"]
[EventType "swiss"]
[EventRounds "9"]
[EventCountry "FRA"]
[SourceTitle "EXT 2016"]
[Source "ChessBase"]
[SourceDate "2015.10.08"]
[SourceVersion "1"]
[SourceVersionDate "2015.10.08"]
[SourceQuality "1"]

1. b3 e5 2. Bb2 Nc6 3. e3 Nf6 4. Bb5 d6 5. Ne2 Bd7 6. 0-0 Qe7 7. f4 a6 8. fxe5 dxe5 9. Ba3 Qd8 10. Bxc6 Bxc6 11. Bxf8 Rxf8 12. Nbc3 Qd6 13. Ng3 g6 14. Qe1 0-0-0 15. Rd1 h5 16. e4 h4 17. Nh1 Qd4+ 18. Nf2 Nh5 19. Qe3 f5 20. Rfe1 Kb8 21. exf5 gxf5 22. Qxe5 Rg8 23. Qxd4 Rxd4 24. Ne2 Rxg2+ 25. Kf1 Rd8 26. d4 Rxh2 27. d5 Rxd5 28. Rxd5 Bxd5 29. Rd1 Ng3+ 0-1

[Event "Avoine op 30th"]
[Site "Avoine"]
[Date "2015.07.19"]
[Round "2"]
[White "Bouvet, Florian"]
[Black "Burri, Quentin"]
[Result "1-0"]
[WhiteElo "2040"]
[BlackElo "2292"]
[PlyCount "81"]
[EventDate "2015.07.18"]
[EventType "swiss"]
[EventRounds "9"]
[EventCountry "FRA"]
[SourceTitle "EXT 2016"]
[Source "ChessBase"]
[SourceDate "2015.10.08"]
[SourceVersion "1"]
[SourceVersionDate "2015.10.08"]
[SourceQuality "1"]

1. e4 c5 2. Nf3 d6 3. d4 cxd4 4. Nxd4 Nf6 5. Nc3 a6 6. Be3 e5 7. Nb3 Be7 8. Be2 0-0 9. 0-0 Nbd7 10. f4 b5 11. Nd5 Bb7 12. Bf3 Bxd5 13. exd5 e4 14. Be2 Nb6 15. Bxb6 Qxb6+ 16. Kh1 Rfe8 17. a4 b4 18. c4 bxc3 19. bxc3 e3 20. Rb1 Bf8 21. Qd3 Qa7 22. Bf3 e2 23. Rfe1 Re3 24. Qc4 Rae8 25. Nd2 h5 26. h3 g6 27. a5 Nd7 28. Ne4 h4 29. Rb2 f5 30. Ng5 Qa8 31. Rbxe2 Rxe2 32. Rxe2 Rc8 33. Qd3 Nc5 34. Qe3 Qb7 35. Ne6 Re8 36. Qf2 Nd3 37. Qxh4 Qb1+ 38. Kh2 Qc1 39. Ng5 Qxf4+ 40. Qxf4 Nxf4 41. Rxe8 1-0

[Event "Avoine op 30th"]
[Site "Avoine"]
[Date "2015.07.18"]
[Round "8"]
[White "Sandu, Mihaela"]
[Black "Bouvet, Florian"]
[Result "1-0"]
[WhiteElo "2347"]
[BlackElo "2040"]
[PlyCount "59"]
[EventDate "2015.07.18"]
[EventType "swiss"]
[EventRounds "9"]
[EventCountry "FRA"]
[SourceTitle "EXT 2016"]
[Source "ChessBase"]
[SourceDate "2015.10.08"]
[SourceVersion "1"]
[SourceVersionDate "2015.10.08"]
[SourceQuality "1"]

1. e4 c5 2. Nf3 d6 3. d4 cxd4 4. Nxd4 Nf6 5. Nc3 Nbd7 6. Be2 a6 7. f4 g6 8. 0-0 Bg7 9. Kh1 0-0 10. Bf3 Re8 11. Nb3 Qc7 12. Qe1 e5 13. Qh4 b5 14. fxe5 dxe5 15. a3 Bb7 16. Bg5 Qb6 17. Rad1 Rac8 18. Bg4 Nxg4 19. Rxd7 f5 20. h3 h6 21. hxg4 hxg5 22. Qxg5 Rxc3 23. bxc3 f4 24. Rfd1 Bxe4 25. Rxg7+ Kxg7 26. Rd7+ Kg8 27. Qh6 Qf6 28. Qh7+ Kf8 29. g5 Bxg2+ 30. Kh2 1-0

[Event "Agneaux St Lo op 17th"]
[Site "Agneaux"]
[Date "2015.07.11"]
[Round "8"]
[White "Bouvet, Florian"]
[Black "Fruchard, Cyrille"]
[Result "0-1"]
[WhiteElo "2040"]
[BlackElo "2178"]
[PlyCount "116"]
[EventDate "2015.07.03"]
[EventType "swiss"]
[EventRounds "9"]
[EventCountry "FRA"]
[SourceTitle "EXT 2016"]
[Source "ChessBase"]
[SourceDate "2015.10.08"]
[SourceVersion "1"]
[SourceVersionDate "2015.10.08"]
[SourceQuality "1"]

1. b3 e6 2. Bb2 Nf6 3. e3 d5 4. f4 Bd6 5. Nf3 Qe7 6. Be2 Nbd7 7. 0-0 e5 8. fxe5 Nxe5 9. Nc3 c6 10. Nd4 Neg4 11. Bxg4 Nxg4 12. h3 Nf6 13. Nf5 Bxf5 14. Rxf5 0-0 15. Qf3 Ne4 16. Nxe4 Qxe4 17. Rf1 f6 18. d3 Qxf3 19. R5xf3 Rae8 20. c4 dxc4 21. bxc4 Kf7 22. Kf2 b5 23. cxb5 cxb5 24. Rf5 a6 25. Rd5 Ke6 26. e4 Rc8 27. Rxd6+ Kxd6 28. Ba3+ Kd7 29. Bxf8 Rxf8 30. Rc1 Rc8 31. Rxc8 Kxc8 32. Ke3 Kd7 33. g4 Kd6 34. d4 a5 35. Kd3 g6 36. Kc3 Ke6 37. h4 h5 38. gxh5 gxh5 39. Kd3 f5 40. d5+ Ke5 41. exf5 Kxd5 42. f6 Ke6 43. Kd4 Kxf6 44. Kc5 Kf5 45. Kxb5 Kg4 46. Kxa5 Kxh4 47. Kb6 Kg3 48. a4 h4 49. a5 h3 50. a6 h2 51. Ka7 h1Q 52. Kb8 Qb1+ 53. Ka8 Qc2 54. Kb8 Qb3+ 55. Kc7 Qa4 56. Kb6 Qb4+ 57. Kc7 Qa5+ 58. Kb7 Qb5+ 0-1

[Event "Sautron op 21th"]
[Site "Sautron"]
[Date "2014.08.31"]
[Round "6"]
[White "Hutois, Mickael"]
[Black "Bouvet, Florian"]
[Result "1-0"]
[WhiteElo "2179"]
[BlackElo "1955"]
[PlyCount "55"]
[EventDate "2014.08.28"]
[EventType "swiss"]
[EventRounds "6"]
[EventCountry "FRA"]
[SourceTitle "EXT 2015"]
[Source "ChessBase"]
[SourceDate "2014.11.20"]
[SourceVersion "1"]
[SourceVersionDate "2014.11.20"]
[SourceQuality "1"]

1. e4 c5 2. Nf3 e6 3. d4 cxd4 4. Nxd4 Nf6 5. Nc3 d6 6. Rg1 Nc6 7. g4 h6 8. Be3 d5 9. exd5 Nxd5 10. Nxd5 exd5 11. Qf3 Bd6 12. 0-0-0 Bxh2 13. Rh1 Be5 14. Bb5 Bxd4 15. Rxd4 Be6 16. g5 Qa5 17. Bxc6+ bxc6 18. gxh6 gxh6 19. Qf4 c5 20. Rxd5 Qxa2 21. Rhd1 Qa1+ 22. Kd2 Qa5+ 23. Ke2 Qb5+ 24. R1d3 Bxd5 25. Qe5+ Kf8 26. Qxh8+ Ke7 27. Qe5+ Be6 28. Bxc5+ 1-0

[Event "Sautron op 21th"]
[Site "Sautron"]
[Date "2014.08.30"]
[Round "3"]
[White "Bouvet, Florian"]
[Black "Templier, Benoit"]
[Result "1-0"]
[WhiteElo "1955"]
[BlackElo "1677"]
[PlyCount "27"]
[EventDate "2014.08.28"]
[EventType "swiss"]
[EventRounds "6"]
[EventCountry "FRA"]
[SourceTitle "EXT 2015"]
[Source "ChessBase"]
[SourceDate "2014.11.20"]
[SourceVersion "1"]
[SourceVersionDate "2014.11.20"]
[SourceQuality "1"]

1. e4 c5 2. Nf3 Nc6 3. Bb5 e6 4. 0-0 d5 5. exd5 exd5 6. Re1+ Be7 7. d4 a6 8. Bxc6+ bxc6 9. dxc5 Nf6 10. Ne5 Bd7 11. Nd2 0-0 12. Nb3 Ne4 13. Nxd7 Qxd7 14. Rxe4 1-0

[Event "Agneaux St Lo op U20 16th"]
[Site "Agneaux"]
[Date "2014.07.07"]
[Round "2"]
[White "Bouvet, Florian"]
[Black "Marica, Ruxandra Ioana"]
[Result "1-0"]
[WhiteElo "1854"]
[BlackElo "1611"]
[PlyCount "41"]
[EventDate "2014.07.06"]
[EventType "swiss"]
[EventRounds "9"]
[EventCountry "FRA"]
[SourceTitle "EXT 2015"]
[Source "ChessBase"]
[SourceDate "2014.11.20"]
[SourceVersion "1"]
[SourceVersionDate "2014.11.20"]
[SourceQuality "1"]

1. e4 e5 2. Nf3 Nf6 3. Nxe5 d6 4. Nf3 Nxe4 5. d3 Nf6 6. Nc3 Be7 7. Be2 0-0 8. Bf4 Bf5 9. h3 Nbd7 10. Qd2 c6 11. 0-0-0 b5 12. Nd4 b4 13. Nxf5 bxc3 14. Qxc3 Nc5 15. Bf3 Ne6 16. Rhe1 Rc8 17. Qa3 c5 18. Qxa7 Rc7 19. Qb6 Nxf4 20. Nxe7+ Kh8 21. Nf5 1-0

[Event "FRA-ch U16"]
[Site "Montbeliard"]
[Date "2014.04.27"]
[Round "9"]
[White "Ek, Alexandre"]
[Black "Bouvet, Florian"]
[Result "1/2-1/2"]
[WhiteElo "2022"]
[BlackElo "1780"]
[PlyCount "98"]
[EventDate "2014.04.20"]
[EventType "swiss"]
[EventRounds "9"]
[EventCountry "FRA"]
[SourceTitle "CBM 160 Extra"]
[Source "ChessBase"]
[SourceDate "2014.07.01"]
[SourceVersion "1"]
[SourceVersionDate "2014.07.01"]
[SourceQuality "1"]

1. e4 c5 2. Nf3 e6 3. c3 Nf6 4. e5 Nd5 5. d4 cxd4 6. cxd4 d6 7. Bc4 Nb6 8. Bd3 Nc6 9. a3 Qc7 10. Bf4 Nd5 11. Bg3 dxe5 12. dxe5 Bd7 13. 0-0 Be7 14. Nbd2 0-0 15. Qe2 Rfc8 16. Rac1 a6 17. Qe4 g6 18. Bh4 Bf8 19. Bf6 Nxf6 20. exf6 Bh6 21. Qh4 Qf4 22. Qxf4 Bxf4 23. g3 Bh6 24. Rcd1 b5 25. Nb3 Rc7 26. Be4 Be8 27. Rd3 Rd8 28. Rfd1 Rcd7 29. Rxd7 Rxd7 30. Rxd7 Bxd7 31. Nc5 Nb8 32. Ne5 Bc8 33. f4 g5 34. Ncd3 Nd7 35. Nxd7 Bxd7 36. Ne5 Be8 37. Ng4 Bf8 38. b4 gxf4 39. gxf4 a5 40. bxa5 Bxa3 41. a6 Bc5+ 42. Kf1 b4 43. Ke2 b3 44. Kd2 Bb5 45. Kc3 Bxa6 46. Kxb3 Be2 47. Nh6+ Kf8 48. Bxh7 Be3 49. Bg8 Bxf4 1/2-1/2

[Event "Agneaux St Lo op 15th"]
[Site "Agneaux"]
[Date "2013.07.13"]
[Round "8"]
[White "Bouvet, Florian"]
[Black "Monpeurt, Cyrielle"]
[Result "1/2-1/2"]
[WhiteElo "1768"]
[BlackElo "2043"]
[PlyCount "72"]
[EventDate "2013.07.07"]
[EventType "swiss"]
[EventRounds "9"]
[EventCountry "FRA"]
[SourceTitle "EXT 2014"]
[Source "ChessBase"]
[SourceDate "2013.11.20"]
[SourceVersion "1"]
[SourceVersionDate "2013.11.20"]
[SourceQuality "1"]

1. e4 e5 2. Nf3 Nc6 3. Bc4 Bc5 4. c3 Nf6 5. d3 d6 6. 0-0 0-0 7. a4 a6 8. Nbd2 Ba7 9. Re1 Ng4 10. Re2 Kh8 11. h3 f5 12. Nf1 Nf6 13. exf5 Bxf5 14. Ng3 Bd7 15. Be3 Bxe3 16. Rxe3 Qe8 17. Bb3 Qg6 18. Nh4 Qg5 19. Nf3 Qh6 20. d4 Rae8 21. dxe5 dxe5 22. Qe2 e4 23. Nxe4 Nxe4 24. Rxe4 Qg6 25. Rxe8 Rxe8 26. Qd2 Bxh3 27. Qg5 Bf5 28. Qxg6 Bxg6 29. Re1 Rxe1+ 30. Nxe1 Ne5 31. f3 c5 32. Kf2 c4 33. Bd1 Kg8 34. Ke3 Nc6 35. Nc2 Kf8 36. Na3 Ne5 1/2-1/2

[Event "FRA-ch U12"]
[Site "Troyes"]
[Date "2010.04.14"]
[Round "5"]
[White "Bouvet, Florian"]
[Black "Pigeat, Alexandre"]
[Result "1/2-1/2"]
[WhiteElo "1665"]
[BlackElo "1714"]
[PlyCount "110"]
[EventDate "2010.04.11"]
[EventType "swiss"]
[EventRounds "9"]
[EventCountry "FRA"]
[SourceTitle "EXT 2012"]
[Source "ChessBase"]
[SourceDate "2011.11.24"]
[SourceVersion "1"]
[SourceVersionDate "2011.11.24"]
[SourceQuality "1"]

1. e4 e6 2. d4 d5 3. exd5 exd5 4. Bd3 Nf6 5. Bg5 Bd6 6. Nf3 Bg4 7. Nbd2 0-0 8. 0-0 Nbd7 9. c3 c6 10. Qc2 Qc7 11. Rfe1 Bh5 12. Bh4 c5 13. dxc5 Qxc5 14. Nd4 Bg6 15. Bxg6 hxg6 16. Bg3 Bxg3 17. hxg3 Rac8 18. Qd3 a6 19. N4b3 Qb6 20. Rad1 Ng4 21. Qd4 Qxd4 22. Nxd4 Nc5 23. Re7 Rfe8 24. Rde1 Rxe7 25. Rxe7 Kf8 26. Re2 Nd3 27. f3 Nf6 28. Nb1 Re8 29. Rxe8+ Kxe8 30. b3 Nh5 31. Ne2 g5 32. g4 Nhf4 33. Nxf4 Nxf4 34. Kf2 Ke7 35. g3 Nd3+ 36. Ke3 Ne5 37. Na3 Kd6 38. Nc2 g6 39. Nd4 Kc5 40. Nc2 Nc6 41. f4 gxf4+ 42. gxf4 Nd8 43. a3 b5 44. Ne1 a5 45. Nd3+ Kb6 46. b4 axb4 47. axb4 f6 48. Nc1 Nf7 49. Nb3 Nh6 50. Kf3 g5 51. Nd4 Nf7 52. Ne6 gxf4 53. Kxf4 Nd6 54. Nd4 Ne4 55. Kf5 Ka6 1/2-1/2